000 02321nam a2200541 c 4500
001 165898
003 BLK
005 20241118152232.0
008 180410b bul|||||r ||||||| ||bul||
010 _aKNG00173546000
020 _a978-619-152-595-9
040 _aBLK
041 _aBUL
_cBUL
072 7 _2bullib
_aН82
_xЛитературознание Н
080 _aБългарска литература
_b821.163.2
_x(092)
_z821.163.2(092)
080 _aБългарска литература
_b821.163.2
_x.09
_z821.163.2.09
080 _aБиографии
_b929
_x(497.2)
_z929(497.2)
100 1 _aЗографова, Катя
_eпърви автор
_9370315
139 _aКузмова-Зографова, Катя Цветанова
_bК 93
245 1 0 _aЗнаменити Забравени Забранени
_cКатя Зографова
257 _aBGR
260 _bИзток-Запад
_c2015
_aСофия
300 _a488, ХХІV с.
_bсъс сн.
_c23 см
380 _a82
500 _aВъзприета форма на името на авт. е Катя Цветанова Кузмова-Зографова. - Библиогр. с. 482-487 и под линия.
650 4 _aБългарска литература - литературна критика и история
_9265453
650 4 _aБългарска литература - връзка и взаимодействие с други литератури
_9287334
650 4 _aПисатели, български - творчество
_9250544
650 4 _aПоети, български - творчество
_9250545
651 4 _aБългария
_9241624
653 _aбългарски писатели
653 _aбългарски поети
653 _aбългарска литература
653 _aтворчество
653 _aистория на литературата
653 _aлитературна критика
659 _aН
852 _aЦб 273497
856 4 _qpdf
856 4 _qpdf
942 _cKNG
_n0
_s1
_03
944 _aCR
_c27.03.2015
_lЦветелина Шанова
_k30531
944 _aED
_c15.02.2016
_lф /
_kВиолета_Тройчева
999 _c165898
_d165898
999 _d165898
999 _d165898
999 _d165898
999 _d165898